| 000 | 00915nam a2200265Ia 4500 | ||
|---|---|---|---|
| 008 | 130821s2011 sp gr spa | ||
| 020 | _a9788449326073 | ||
| 040 |
_aCo-BoUCM _bspa |
||
| 041 | 0 | 0 | _aspa |
| 100 | 1 |
_aHabermas, Jürgen _91851 |
|
| 245 | 1 | 0 |
_aFundamentos de la sociología según la teoría del lenguaje _cJurgen Habermas ; traducción Manuel Jiménez Redondo. |
| 260 |
_aBarcelona (España) _bPaidós _c2011 |
||
| 300 | _a446 páginas | ||
| 490 | 0 | _aPaidos básica | |
| 500 | _aIncluye índice. | ||
| 505 | 0 |
_gV.1 _tEscritos filosóficos. |
|
| 650 | 0 | 4 |
_aFilosofía _975 |
| 650 | 0 | 4 |
_aLenguaje y lenguas _vAspectos sociales _918380 |
| 650 | 0 | 4 |
_aSociedad de masas _924724 |
| 650 | 0 | 4 |
_aSociología _9386 |
| 700 | 1 |
_aJiménez Redondo, Manuel _etraductor. _930381 |
|
| 765 | 0 | _tPhilosophische texte band 1 | |
| 942 |
_cLIBRO _a5 _e1 _mH114f _2DEWEY _h302.2 |
||
| 999 |
_c39526 _d39526 |
||